Reklamná agentúra v roku 2013 Úvahy nad budúcnosťou práce reklamných agentúr

Spracovaný text príspevku, ktorý bol prednesený na výročnom stretnutí Európskej asociácie reklamných agentur v máji 1993.

Gespeichert in:
Bibliographische Detailangaben
1. Verfasser: Robbins, K.L
Weitere Verfasser: Lechnický, Milan
Format: Buchkapitel
Sprache:Slowakisch
Schlagworte:
Tags: Tag hinzufügen
Keine Tags, Fügen Sie das erste Tag hinzu!

MARC

LEADER 00000naa a2200000 4500
001 r014397
005 20221213123519.0
041 0 |a slo 
044 |a SK 
245 1 0 |a Reklamná agentúra v roku 2013  |b Úvahy nad budúcnosťou práce reklamných agentúr  |c K.L. Robbins, M. Lechnický 
520 |a Spracovaný text príspevku, ktorý bol prednesený na výročnom stretnutí Európskej asociácie reklamných agentur v máji 1993. 
610 2 0 |a reklama 
610 2 0 |a značky výrobné 
610 2 0 |a spotrebitelia 
610 2 0 |a prostriedky masovokomunikačné 
610 2 0 |a imidž 
100 1 |a Robbins, K.L. 
700 1 |a Lechnický, Milan